Identificación de las fortalezas, oportunidades, amenazas y aspectos por mejorar en los hoteles cinco estrellas en Cartagena / (Registro nro. 5690)
[ vista simple ]
| 000 -LEADER | |
|---|---|
| fixed length control field | 01553nam a2200253 4500 |
| 001 - CONTROL NUMBER | |
| control field | 0000008466 |
| 005 - DATE AND TIME OF LATEST TRANSACTION | |
| control field | 20250329165504.0 |
| 008 - FIXED-LENGTH DATA ELEMENTS--GENERAL INFORMATION | |
| fixed length control field | 180125s2017 000 0 eng d |
| 040 ## - CATALOGING SOURCE | |
| Original cataloging agency | CO-CtgCURN |
| Language of cataloging | spa |
| Transcribing agency | coctgcurn |
| 082 0# - DEWEY DECIMAL CLASSIFICATION NUMBER | |
| Classification number | TCS 2017 |
| Item number | B713 |
| 100 1# - MAIN ENTRY--PERSONAL NAME | |
| Personal name | Bonfante Casanova, Yesenia. |
| 245 10 - TITLE STATEMENT | |
| Title | Identificación de las fortalezas, oportunidades, amenazas y aspectos por mejorar en los hoteles cinco estrellas en Cartagena / |
| Statement of responsibility, etc. | Yesenia Bonfante Casanova; Daniel Eduardo Díaz Rodríguez; Yuranis María Sierra González. |
| 260 ## - PUBLICATION, DISTRIBUTION, ETC. | |
| Place of publication, distribution, etc. | Cartagena de Indias : |
| Name of publisher, distributor, etc. | Corporación Universitaria Rafael Nuñez, |
| Date of publication, distribution, etc. | 2017. |
| 300 ## - PHYSICAL DESCRIPTION | |
| Extent | 80 p. |
| 502 ## - DISSERTATION NOTE | |
| Dissertation note | Trabajo de Grado. (Tecnologo en Contabilidad Sistematizada ). Corporación Universitaria Rafael Nuñez . Facultad de Ciencias Contables y Administrativas . Programa de Tecnologia en Contabilidad Sistematizada, 2017. |
| 520 ## - SUMMARY, ETC. | |
| Summary, etc. | En este estudio se buscar identificar la fortalezas, oportunidades y amenazas del sector turistico de Cartagena, delimitando a los hoteles cinco estrellas. |
| 650 #0 - SUBJECT ADDED ENTRY--TOPICAL TERM | |
| Topical term or geographic name entry element | Contabilidad sistematizada |
| Form subdivision | Tesis y Disertaciones Academicas. |
| 700 1# - ADDED ENTRY--PERSONAL NAME | |
| Personal name | Díaz Rodríguez,Daniel Eduardo. |
| 700 1# - ADDED ENTRY--PERSONAL NAME | |
| Personal name | Sierra González, Yuranis María. |
| 700 1# - ADDED ENTRY--PERSONAL NAME | |
| Personal name | Caballero Tovio, Antonio, |
| Titles and other words associated with a name | Asesor. |
| 856 7# - ELECTRONIC LOCATION AND ACCESS | |
| Uniform Resource Identifier | <a href="https://unicurn.sharepoint.com/:b:/s/biblioteca/EfdakBch6-pEg6q3yScyVo0BEoGk8ypNtGev_zM9qgC3Lg?e=wPdX6b">https://unicurn.sharepoint.com/:b:/s/biblioteca/EfdakBch6-pEg6q3yScyVo0BEoGk8ypNtGev_zM9qgC3Lg?e=wPdX6b</a> |
| Public note | Click aqui para ver el recurso en texto completo |
| 942 ## - ADDED ENTRY ELEMENTS (KOHA) | |
| Source of classification or shelving scheme | Dewey Decimal Classification |
| Koha item type | Trabajos de grado |
| Classification part | TCS 2017 |
| Item part | B713 |
| Withdrawn status | Lost status | Damaged status | Not for loan | Collection | Home library | Current library | Shelving location | Date acquired | Cost, normal purchase price | Inventory number | Total checkouts | Full call number | Barcode | Date last seen | Price effective from | Koha item type |
|---|---|---|---|---|---|---|---|---|---|---|---|---|---|---|---|---|
| Trabajos de grado | Miguel Henríquez Castañeda | Miguel Henríquez Castañeda | Trabajo de grado | 09/23/2018 | 35000.00 | 021946 | TCS 2017 B713 | 021946 | 03/29/2025 | 03/29/2025 | Trabajos de grado |